Calculo Diferencial e Integral

Bibliographic Details
Main Authors: Alvares Blanco, Manuel, et al.
Format: Section = Libro
Language:Undetermined
Spanish
Published: Cuba Pueblo y Educación 1981
Subjects:
LEADER 00456nam a2200181Ia 4500
008 240830s9999 xx 000 0 und d
040 |a B-ESTELÍ- RUACS / 515 A473 
041 |a spa 
082 |a 515 A473 
100 1 |a Alvares Blanco, Manuel 
100 1 |b  et al. 
245 1 0 |a Calculo Diferencial e Integral 
260 |a Cuba  |b Pueblo y Educación  |c 1981 
300 |a 483 p. 
650 7 |a CALCULO DIFERENCIAL 
942 |c BK  |2 ddc 
991 |a TEXTO 
999 |c 10925